Guía para elaborar proyectos de producción

Guardat en:
Dades bibliogràfiques
Autor corporatiu: UNICEF (Autor)
Format: Llibre
Idioma:espanyol
Publicat: Santiago PET 1986
Santiago UNICEF 1986
Matèries:
Etiquetes: Afegir etiqueta
Sense etiquetes, Sigues el primer a etiquetar aquest registre!

MARC

LEADER 00000nam a2200000 a 4500
001 UCZ6578
003 CL-VaPUC
008 951211e19860000CL |||||||||||||||||spa|d
082 0 4 |a 338.9  |b UNI  |2 21 
110 2 |a UNICEF  |e author  |9 350962 
245 1 0 |a Guía para elaborar proyectos de producción 
300 |a 25 p 
942 |c BK 
945 |d 19951211 00:00:00  |a cmena 
260 |a Santiago  |b PET  |c 1986 
260 |a Santiago  |b UNICEF  |c 1986 
650 0 |a Economía   |9 255568 
650 0 |a Desarrollo económico y social   |9 256320 
650 7 |a POLITICA DE DESARROLLO  |2 CL-VaPUC  |9 335853 
650 0 |a Proyectos de desarrollo  |9 261582 
650 0 |a Mujeres  |9 257649 
650 7 |a EVALUACION ECONOMICA  |2 CL-VaPUC  |9 306196 
583 |a last modification  |c 20130411 10:52:36  |k Rodrigo Vera 
999 |c 242775  |d 242773 
952 |0 0  |1 0  |4 0  |6 338_900000000000000_UNI_1986_1986  |7 0  |8 P  |9 255946  |a BIBEDU  |b BIBEDU  |c BIBEDU_PB  |d 2019-11-19  |i 1605119  |o 338.9 UNI 1986 1986  |p 1605119  |r 2024-01-25  |w 2019-11-19  |y BK  |k EDU